Podnikanie v stavebníctve
Na minha lista:
| Autor principal: | |
|---|---|
| Autor Corporativo: | |
| Outros Autores: | , , , |
| Formato: | Livro |
| Idioma: | eslovaco |
| Publicado em: |
Bratislava
Vydavateľstvo EKONÓM
2017
|
| Edição: | 1. vyd. |
| Assuntos: | |
| Tags: |
Sem tags, seja o primeiro a adicionar uma tag!
|
MARC
| LEADER | 00000nam a2200000 4500 | ||
|---|---|---|---|
| 001 | 0237951 | ||
| 005 | 20240502073840.6 | ||
| 020 | |a 978-80-225-4433-7 | ||
| 041 | 0 | |a slo | |
| 044 | |a SK | ||
| 245 | 1 | 0 | |a Podnikanie v stavebníctve |c Elena Šúbertová, Miroslav Uhliar, Andrej Kovalev ; recenzenti: Alena Chodasová, Peter Švorc |
| 250 | |a 1. vyd. | ||
| 264 | 1 | |a Bratislava |b Vydavateľstvo EKONÓM |c 2017 | |
| 300 | |a 192 s. [11,67 AH] | ||
| 610 | 2 | 0 | |a podnikanie |
| 610 | 2 | 0 | |a stavebníctvo |
| 610 | 2 | 0 | |a plánovanie územné |
| 610 | 2 | 0 | |a dane |
| 610 | 2 | 0 | |a poistenie majetku |
| 610 | 2 | 0 | |a poistenie zodpovednosti za škody |
| 610 | 2 | 0 | |a majetok |
| 610 | 2 | 0 | |a financovanie |
| 610 | 2 | 0 | |a materiál |
| 610 | 2 | 0 | |a náklady |
| 610 | 2 | 0 | |a marketing |
| 610 | 2 | 0 | |a ceny |
| 610 | 2 | 0 | |a tvorba cien |
| 610 | 2 | 0 | |a nehnuteľnosti |
| 610 | 2 | 0 | |a projekty stavebné |
| 610 | 2 | 0 | |a výdavky |
| 610 | 2 | 0 | |a príjmy peňažné |
| 610 | 2 | 0 | |a dokumentácia projektová |
| 100 | 1 | |a Šúbertová, Elena | |
| 700 | 1 | |a Uhliar, Miroslav, 1981- | |
| 700 | 1 | |a Kovalev, Andrej | |
| 700 | 1 | |a Chodasová, Alena | |
| 700 | 1 | |a Švorc, Peter | |
| 710 | 2 | |a Ekonomická univerzita v Bratislave. Fakulta podnikového manažmentu | |